Study guide to accompany McConnell and Brue economics/ (Record no. 1598)

MARC details
000 -LEADER
fixed length control field 02200nam a22001697a 4500
020 ## - INTERNATIONAL STANDARD BOOK NUMBER
ISBN 0072898372
022 ## - INTERNATIONAL STANDARD SERIAL NUMBER
ISSN 9780072898378
050 ## - CALL NUMBER
Classification number HB171.5
100 ## - AUTHOR
Personal name William B Walstad
245 ## - TITLE
Title Study guide to accompany McConnell and Brue economics/
Statement of responsibility, etc William B Walstad; Robert C Bingham
250 ## - EDITION
Edition statement 14th ed
260 ## - PUBLICATION INFORMATION
Place of publication Boston :
Name of publisher Irwin,
Year of publication 1999.
300 ## - DESCRIPTION
Number of Pages xxxii, 505 pages ;
Dimensions 26 cm
500 ## - NOTES
General note Includes index.<br/>
505 ## - FORMATTED CONTENTS NOTE
Table of Content pt. 1 AN INTRODUCTION TO ECONOMICS AND THE ECONOMY --<br/>The nature and method of economics; the economizing problem; individual markets --<br/>supply and demand; the market system; the US economy --<br/>private and public sectors; the United States in the global economy --<br/>pt. 2 NATIONAL INCOME, EMPLOYMENT AND FISCAL POLICY --<br/>Measuring domestic output, national income and the price level; introduction to economic growth, unemployment and inflation; building the aggregate expenditures model; aggregate expenditures --<br/>the multiplier, net exports and government; aggregate demand and aggregate supply; fiscal policy --<br/>pt. 3 MONEY, BANKING AND MONETARY POLICY –<br/>Pt. 4 PROBLEMS AND CONTROVERSIES IN MACROECONOMICS-<br/>pt. 5 MICROECONOMICS OF PRODUCT MARKETS --<br/>Demand and supply -- elasticity and government-set prices; consumer behaviour and utility maximization; the costs of production; pure competition; pure monopoly; monopolistic competiton and oligopoly; technology, R & D and efficiency --<br/>6 MICROECONOMICS OF RESOURCE MARKETS --<br/>The demand for resources; wage determination; rent, interest and profits --<br/>pt. 7 MICROECONOMICS OF GOVERNMENT --<br/>Government and market failure; public choice theory and the economics of taxation --<br/>pt. 8 MICROECONOMIC ISSUES AND POLICIES --<br/>Antitrust, regulation and industrial policy; agriculture --<br/>economics and policy; income inequality and poverty; labour market issues --<br/>unionism, discrimination, immigration; the economics of health care --<br/>pt. 9 INTERNATIONAL ECONOMICS AND THE WORLD ECONOMY --<br/>International trade; exchange rates, balance of payments and trade deficits; the developing economies --<br/>WEB BONUS CHAPTER --<br/>TRANSITION ECONOMIES : RUSSIA AND CHINA [see URL below].<br/><br/>
942 ## - ADDED ENTRY ELEMENTS (KOHA)
Koha item type Books
Holdings
Withdrawn status Lost status Collection code Home library Current library Shelving location Date acquired Full call number Accession Number Copy number Koha item type
    Reference Methodist University Library Main Methodist University Library Main General Stacks   HB171.5 11592 1 Books
    Reference Methodist University Library Main Methodist University Library Main General Stacks   HB171.5 11594 2 Books
Copyright © 2026  MUG Library